000 00867nam a2200253Ia 4500
003 IN-BaIIA
008 211028s9999 xx s 000 0 eng d
020 _a978-1-4419-7834-9 (Print)
020 _a978-1-4419-7835-6 (Online)
022 _a1618-7210 (Print)
022 _a2197-5647 (Online)
040 _cIIA Library
100 _aGerecht, Sharon
_938532
245 0 _aBiophysical Regulation of Vascular Differentiation and Assembly
_h[eBook]
260 _aNew York
_bSpringer New York
_c2011
300 _aOnline resource
490 _aBiological and Medical Physics, Biomedical Engineering
650 _a Biological and Medical Physics, Biophysics
_938290
650 _a Biomedical Engineering
650 _a Stem Cells
_938533
650 _aPhysics
_973
856 _uhttp://doi.org/10.1007/978-1-4419-7835-6
_yClick Here to Access eBook
942 _cEB
999 _c20759
_d20759